An introduction to differential equations (Record no. 479)
[ view plain ]
| 000 -LEADER | |
|---|---|
| Fixed length control field | 00533nam a22001937a 4500 |
| 003 - CONTROL NUMBER IDENTIFIER | |
| Control field | SEACOMMC |
| 005 - DATE AND TIME OF LATEST TRANSACTION | |
| Control field | 20231114073538.0 |
| 008 - FIXED-LENGTH DATA ELEMENTS--GENERAL INFORMATION | |
| Fixed length control field | 231114b |||||||| |||| 00| 0 eng d |
| 020 ## - INTERNATIONAL STANDARD BOOK NUMBER / ISBN | |
| Price | Rs. 265.00 |
| 040 ## - CATALOGING SOURCE | |
| Original cataloging agency | SEACOMMC |
| 082 ## - DEWEY DECIMAL CLASSIFICATION NUMBER | |
| Classification number | 515.35 |
| Book Number | GHO |
| 100 1# - MAIN ENTRY--PERSONAL NAME | |
| Personal name | Ghosh, Ram Krishna |
| 245 13 - TITLE STATEMENT | |
| Title | An introduction to differential equations |
| Statement of responsibility | Ram Krishna Ghosh and Kantish Chandra Maity |
| 250 ## - EDITION STATEMENT | |
| Edition statement | 9th rev. ed. |
| 260 ## - IMPRINT | |
| Place of publication | Kolkata |
| Name of publisher | New Central |
| Date of publication | 2007 |
| 650 ## - SUBJECT ADDED ENTRY--TOPICAL TERM | |
| Topical term | Mathematics |
| 700 1# - ADDED ENTRY--PERSONAL NAME | |
| Personal name | Maity, Kantish Chandra |
| 942 ## - ADDED ENTRY ELEMENTS (KOHA) | |
| Koha item type | Books |
| Withdrawn status | Lost status | Source of classification | Damaged status | Not for loan | Home library | Current library | Date acquired | Total Checkouts | Call number | Accession number | Date last seen | Price effective from | Koha item type |
|---|---|---|---|---|---|---|---|---|---|---|---|---|---|
| Dewey Decimal Classification | SEACOM MANAGEMENT COLLEGE | SEACOM MANAGEMENT COLLEGE | 06/03/2007 | 515.35 GHO | 06248 | 14/11/2023 | 14/11/2023 | Books | |||||
| Dewey Decimal Classification | SEACOM MANAGEMENT COLLEGE | SEACOM MANAGEMENT COLLEGE | 06/03/2007 | 515.35 GHO | 06249 | 14/11/2023 | 14/11/2023 | Books | |||||
| Dewey Decimal Classification | SEACOM MANAGEMENT COLLEGE | SEACOM MANAGEMENT COLLEGE | 06/03/2007 | 515.35 GHO | 06250 | 14/11/2023 | 14/11/2023 | Books | |||||
| Dewey Decimal Classification | SEACOM MANAGEMENT COLLEGE | SEACOM MANAGEMENT COLLEGE | 06/03/2007 | 515.35 GHO | 06251 | 14/11/2023 | 14/11/2023 | Books | |||||
| Dewey Decimal Classification | SEACOM MANAGEMENT COLLEGE | SEACOM MANAGEMENT COLLEGE | 06/03/2007 | 515.35 GHO | 06252 | 14/11/2023 | 14/11/2023 | Books | |||||
| Dewey Decimal Classification | SEACOM MANAGEMENT COLLEGE | SEACOM MANAGEMENT COLLEGE | 06/03/2007 | 515.35 GHO | 06253 | 14/11/2023 | 14/11/2023 | Books | |||||
| Dewey Decimal Classification | SEACOM MANAGEMENT COLLEGE | SEACOM MANAGEMENT COLLEGE | 06/03/2007 | 515.35 GHO | 06254 | 14/11/2023 | 14/11/2023 | Books | |||||
| Dewey Decimal Classification | SEACOM MANAGEMENT COLLEGE | SEACOM MANAGEMENT COLLEGE | 06/03/2007 | 515.35 GHO | 06255 | 14/11/2023 | 14/11/2023 | Books | |||||
| Dewey Decimal Classification | SEACOM MANAGEMENT COLLEGE | SEACOM MANAGEMENT COLLEGE | 06/03/2007 | 515.35 GHO | 06256 | 14/11/2023 | 14/11/2023 | Books | |||||
| Dewey Decimal Classification | SEACOM MANAGEMENT COLLEGE | SEACOM MANAGEMENT COLLEGE | 06/03/2007 | 515.35 GHO | 06257 | 14/11/2023 | 14/11/2023 | Books |
